000
00268nam a22001097a 4500
008
140320t xxu||||| |||| 00| 0 eng d
100
_a
Anton Yuryev
_9
796
240
_a
Methods in molecular biology 402
245
_a
PCR Primer Design
300
_a
418 p.
942
_2
ddc
_c
BK
999
_c
17048
_d
17048